Unusual Wikipedia Articles II Quiz Stats

Quiz Updated Aug 28, 2016

Challenge
Share
Tweet
Embed
Score 0/20 Timer 04:00
3 Plays Today
% Correct
Buffalo buffalo Buffalo buffalo buffalo buffalo Buffalo buffalo
93.2%
Alien hand syndrome
91.8%
Boring, Oregon
91.7%
Gravity hill
90.7%
iLoo
89.6%
Pikachurin
88.2%
Homicidal sleepwalking
86.2%
List of inventors killed by their own inventions
81.9%
Dihydrogen monoxide hoax
80.8%
Exploding head syndrome
78.6%
% Correct
Oh-My-God particle
74.3%
Bloop
72.9%
One red paperclip
72.3%
Jumping Frenchmen of Maine
69.3%
Reality Checkpoint
69.3%
Waffle House Index
64.9%
There are known knowns
63.5%
Praise-God Barebone
61.8%
Magic smoke
51.2%
Thinking about the immortality of the crab
48.9%

You're not logged in!

Compare scores with friends on all Sporcle quizzes.
Join for Free
OR
Log In

Show Comments

Extras

Top Quizzes Today


Score Distribution

Your Account Isn't Verified!

In order to create a playlist on Sporcle, you need to verify the email address you used during registration. Go to your Sporcle Settings to finish the process.

Report this User

Report this user for behavior that violates our Community Guidelines.

Details: